Mi nombre nuevo "Magnificat" (Record no. 38794)

MARC details
000 -LEADER
campo de control de longitud fija 00713nam a2200169 i 4500
001 - NÚMERO DE CONTROL
campo de control 38794
003 - IDENTIFICADOR DE NÚMERO DE CONTROL
campo de control ES-MaACL
005 - FECHA Y HORA DE LA ÚLTIMA TRANSACCIÓN
campo de control 20230906155823.0
007 - CAMPO FIJO DE DESCRIPCIÓN FÍSICA--INFORMACIÓN GENERAL
campo de control de longitud fija t|
008 - DATOS DE LONGITUD FIJA--INFORMACIÓN GENERAL
campo de control de longitud fija 030226s1961 sp ||||1| spa d
100 1# - ENTRADA PRINCIPAL--NOMBRE DE PERSONA
Nombre de persona Camarero-Núñez, María Teresa.
9 (RLIN) 34005
245 10 - MENCIÓN DEL TÍTULO
Título Mi nombre nuevo "Magnificat"
Resto del título : María del Pilar Lamamié de Clariac y Alonso, A.C.J., 1915-1954 /
Mención de responsabilidad, etc. Mª Teresa Camarero-Núñez.
260 ## - PUBLICACIÓN, DISTRIBUCIÓN, ETC.
Lugar de publicación, distribución, etc. Roma :
Nombre del editor, distribuidor, etc. Secretariado de Congregaciones Marianas de las Esclavas del Sagrado Corazón de Jesús,
Fecha de publicación, distribución, etc. 1961.
300 ## - DESCRIPCIÓN FÍSICA
Extensión 372 p., 11 lám. ;
Dimensiones 22 cm.
710 2# - ENTRADA AGREGADA--NOMBRE DE ENTIDAD CORPORATIVA
Nombre de entidad corporativa o nombre de jurisdicción como elemento de entrada Secretariado de Congregaciones Marianas de las Esclavas del Sagrado Corazón de Jesús.
9 (RLIN) 6523
852 ## - LOCALIZACIÓN
Ubicación ES-MaACL
Número de control de estantería C-19587
Sublocalización o colección R.47399
Holdings
Estatus retirado Estado de pérdida Estado de daño No para préstamo Biblioteca de origen Biblioteca actual Ubicación en estantería Fecha de adquisición Fuente de adquisición Total de préstamos Signatura topográfica completa Código de barras Visto por última vez Precio de reemplazo Tipo de ítem Koha
        Biblioteca del Ateneo de Madrid Biblioteca del Ateneo de Madrid Galería 17/01/2008     C-19587 1040850 23/02/2023 23/02/2023 Libro impreso